[Event "ROM-ch U12"]
[Site "Calimanesti"]
[Date "2013.04.04"]
[Round "4"]
[White "Florian Nilas, Rodrigo Tiago"]
[Black "Padurean, Daniel Cristian"]
[Result "1/2-1/2"]
[WhiteElo "1540"]
[BlackElo "1616"]
[PlyCount "73"]
[EventDate "2013.04.02"]
[EventType "swiss"]
[EventRounds "9"]
[EventCountry "ROU"]
[SourceTitle "CBM 153 Extra"]
[Source "ChessBase"]
[SourceDate "2013.04.22"]
[SourceVersion "1"]
[SourceVersionDate "2013.04.22"]
[SourceQuality "1"]

1. e4 e5 2. Nf3 Nc6 3. d4 exd4 4. Nxd4 Qh4 5. Nc3 Bb4 6. Be2 a6 7. Bf3 d6 8. 0-0 Bxc3 9. bxc3 Nh6 10. g3 Qf6 11. Re1 Ne5 12. Bxh6 Qxh6 13. Be2 0-0 14. f4 Nc6 15. Rb1 Nxd4 16. cxd4 b6 17. c4 Bb7 18. Bf3 Rfe8 19. d5 Re7 20. Qc2 Rae8 21. Re2 Qf6 22. Qd3 Bc8 23. Rbe1 g6 24. Kg2 Qg7 25. Qe3 Bd7 26. Qa3 a5 27. Qb2 Qxb2 28. Rxb2 f5 29. Rbe2 fxe4 30. Rxe4 Rxe4 31. Bxe4 Kf7 32. Kf3 h5 33. Ke3 Kf6 34. Kd4 Bc8 35. h4 Bd7 36. Ke3 Bc8 37. Kd3 1/2-1/2